Представление документа в формате RUSMARC

ПолеНазваниеЗначение
  Тип записи a
  Библиографический уровень a
001 Контрольный номер 2528b492f2ca4a889f1c50cbf305c0be
005 Дата корректировки 20260410155715.0
100 Данные общей обработки __
a Данные общей обработки 20260410 ||| 0rusy0189 ca
101 Язык документа 0_
a Язык текста rus
102 Страна публикации __
a Страна публикации RU
200 Заглавие и сведения об ответственности 1_
a Заглавие Снежные, но нежные!
e Сведения, относящиеся к заглавию [о снежных барсах]
461 Уровень набора _0
1 2000
a Тошка и компания
463 Уровень физической единицы _0
1 2000
a № 2
v С. 2-4 : фот.
1 2101
d 2026
1 00199bf9cf24c06493f8aea2566489179c0
606 Тематические рубрики 0_
a Основная рубрика Млекопитающие. Териология
610 Ключевые слова 0_
a Ключевые слова млекопитающие, кошачьи, снежные барсы, ирбисы, исчезающие виды животных, краснокнижные животные, Красная книга
686 Индексы других классификаций __
a Классификационный индекс 28.693.36
801 Источник записи _0
a Страна RU
b Организация УОБДЮ
c Дата составления 20260410
g Правила каталогизации RCR
801 Источник записи _1
a Страна RU
b Организация УОБДЮ
c Дата составления 20260410
g Правила каталогизации RCR
901 Тип документа __
t Тип документа b
w Контрольный № источника 99bf9cf24c06493f8aea2566489179c0
905 Данные по созданию БЗ __
b Логин пользователя, который создал БЗ ibo3